000 00619nam a22002177a 4500
003 UA-OsUOA
001 56145
007 ta
008 20081002b un ||||| |||| 00| 0 ukr d
100 _aСалига Т.
090 _a82
_bС16
942 _cSA
040 _aUA-OsUOA
_bukr
_cUA-OsUOA
_dUA-OsUOA
245 _aУ замкненому колі болю/полемічні нотатки про творчість Бориса Олійника
300 _aС.5
955 _a0
041 _aukr
080 _a82
773 0 _w56142
650 7 _a82 Література. Літературознавство
_2UDC
999 _c342206
_d342206